Statistics for Countries that have produced 3D animation films

Click here to take the quiz!

General Stats

  • This quiz has been taken 43 times
  • The average score is 33 of 44

Answer Stats

Release DateCountryMovie% Correct
1995United StatesToy Story
100%
2004GermanyPinocchio 3000
97%
2000JapanA.Li.Ce
97%
2001SpainEl Bosque Animado
97%
2004United KingdomBoo, Zino & the Snurks
97%
2006AustraliaHappy Feet
94%
1996BrazilCassiopeia
94%
2005ChinaDragonBlade: The Legend of Lang
94%
2003FranceKaena: La prophétie
94%
2003ItalyL'Apetta Giulia e la signora Vita
94%
2008SwedenGnomes and Trolls: The Secret Chamber
94%
2003CanadaKaena: La prophétie
92%
2006RussiaEspecial
92%
2003South KoreaElysium
92%
2002IndiaAlibaba
89%
2010MexicoGaturro
89%
2004NetherlandsBoo, Zino & the Snurks
89%
2006NorwayFree Jimmy
89%
2006FinlandThe Emperor's Secret
86%
2011New ZealandThe Adventures of Tintin: The Secret of the Unicorn
86%
2006BelgiumAzur & Asmar: The Princes' Quest
83%
2010ArgentinaPlumíferos
81%
2004DenmarkBoo, Zino & the Snurks
81%
2009SwitzerlandThe True Story Of Puss'N Boots
81%
2014TurkeyUzay Kuvvetleri 2911
81%
2006IrelandThe Ugly Duckling and Me!
72%
2011South AfricaJock of the Bushveld
72%
2014TaiwanThe Frogville
69%
2009MalaysiaThe Adventure Begins
67%
2003IndonesiaJanus: Prajurit Terakhir
64%
2008CzechiaGoat Story - The Old Prague Legends
61%
2006ThailandKhan Kluay
61%
2010PhilippinesRPG: Metanoia
58%
2015Pakistan3 Bahadur
56%
2006SingaporeZodiac: The Race Begins
56%
2007HungaryEgon & Dönci
53%
2016NigeriaThe Secret Princess
53%
2005PeruPiratas en el Callao
53%
2010United Arab EmiratesLevity - Xero Error Minus1
53%
2016Saudi arabiaBilal: A New Breed of Hero
50%
2008LuxembourgDragon Hunters
47%
2007LatviaJungo Goes Bananas: Jungo III
36%
2007LebanonArd Al Taaf
22%
2010MaldivesMee Maakana The Movie
14%

Score Distribution

Percentile by Number Answered

Percent of People with Each Score

Your Score History

You have not taken this quiz